| 000 | 00369nam a2200133Ia 4500 | ||
|---|---|---|---|
| 008 | 150201s2012 xx 000 0 und d | ||
| 082 |
_a5.262 _bBAL |
||
| 100 | _aBalagurusamy,E | ||
| 245 | _aComputer concepts and programming in C | ||
| 250 | _a3rd Ed. | ||
| 260 |
_bTata McGraw Hill Education Private Limited _aNew Delhi _c2012 |
||
| 300 | _a342p. | ||
| 942 |
_2ddc _cBK _044 |
||
| 999 |
_c5481 _d5481 |
||